000
00287nam a2200121Ia 4500
005
20260328104337.0
008
260328s9999||||xx |||||||||||||| ||und||
100
_a
Miller, Wayne
245
0
_a
Creative America /
_c
Wayne Miller
300
_a
121 p.
650
_a
FOTOGRAFÍA
942
_c
BK
999
_c
11960
_d
11960